000 00461nam a2200145Ia 4500
008 090124s9999 xx 000 0 und d
082 _b400417
245 _a कावळ्याला लागली तहान
250 _a6
260 _bकंटक मीरा
_c1978
300 _a24
630 _a कावळ्याला लागली तहान
730 _a कावळ्याला लागली तहान
942 _cBOOK
999 _c196338
_d196338